[Event "Bayern-chI Bank Hofmann 27th"]
[Site "Gmund am Tegernsee"]
[Date "2024.10.26"]
[Round "1"]
[White "Safarli, Eltaj"]
[Black "Juergens, Klaus"]
[Result "1-0"]
[WhiteElo "2596"]
[BlackElo "2108"]
[PlyCount "113"]
[EventDate "2024.10.26"]
[EventType "swiss"]
[EventRounds "9"]
[EventCountry "GER"]
[SourceTitle "CB45_2024"]
[Source "ChessBase"]
[SourceDate "2024.11.06"]
[SourceVersion "1"]
[SourceVersionDate "2024.11.06"]
[SourceQuality "1"]

1. e4 c5 2. Nf3 Nc6 3. Bb5 e6 4. 0-0 Nge7 5. Nc3 a6 6. Bxc6 Nxc6 7. d4 cxd4 8. Nxd4 d6 9. Re1 Be7 10. Nxc6 bxc6 11. Qg4 g6 12. b3 Qa5 13. Bb2 e5 14. Qe2 0-0 15. Na4 Re8 16. Rad1 Bf8 17. c4 Be6 18. Qe3 Qc7 19. c5 Rab8 20. Rc1 Rb5 21. h3 dxc5 22. Nxc5 Qa7 23. Nxe6 Qxe3 24. Rxe3 Rxe6 25. Rd3 Rc5 26. Rxc5 Bxc5 27. Rd8+ Kg7 28. Kf1 f6 29. Ke2 Rd6 30. Ra8 Bb4 31. Ra7+ Kg8 32. Bc1 a5 33. g4 g5 34. Be3 h6 35. Rc7 Kh8 36. Kf3 Kg8 37. Kg3 Kh8 38. h4 Kg8 39. h5 Kh8 40. Kf3 Kg8 41. Ke2 Kh8 42. Ra7 Kg8 43. Bc1 Rd8 44. a3 Bc3 45. Ra6 Rb8 46. Rxc6 Rxb3 47. Rxf6 Kg7 48. Rf3 a4 49. Kd1 Bd4 50. Rxb3 axb3 51. Be3 Bc3 52. a4 Kf6 53. Kc1 Ke6 54. Kb1 Kf6 55. Bc5 Kf7 56. f3 Kg7 57. Bb6 1-0

[Event "AUT-chT2W 2324"]
[Site "Austria"]
[Date "2024.01.20"]
[Round "7.3"]
[White "Juergens, Klaus"]
[Black "Doric, Darko"]
[Result "1/2-1/2"]
[WhiteElo "2126"]
[BlackElo "2439"]
[PlyCount "93"]
[EventDate "2023.09.29"]
[EventType "team-tourn"]
[EventRounds "11"]
[EventCountry "AUT"]
[SourceTitle "EXT 2025"]
[Source "ChessBase"]
[SourceDate "2024.10.14"]
[SourceVersion "1"]
[SourceVersionDate "2024.10.14"]
[SourceQuality "1"]
[WhiteTeam "Salzburg ASK"]
[BlackTeam "Absam"]
[WhiteTeamCountry "AUT"]
[BlackTeamCountry "AUT"]

1. Nf3 d5 2. g3 c6 3. Bg2 Bg4 4. 0-0 Nd7 5. c4 Bxf3 6. Bxf3 Ne5 7. Qb3 Nxf3+ 8. exf3 Qd7 9. cxd5 cxd5 10. d4 e6 11. Nc3 Ne7 12. Re1 Rd8 13. Bf4 Nc6 14. Red1 Be7 15. Rac1 0-0 16. Qb5 Rc8 17. a3 a6 18. Qa4 Bf6 19. Be3 g6 20. b4 Nb8 21. b5 Rc4 22. Qb3 Rfc8 23. bxa6 Nxa6 24. Na2 b5 25. Rb1 Rb8 26. Nc3 b4 27. axb4 Rbxb4 28. Qa3 Qc6 29. Rxb4 Nxb4 30. Rb1 Rxc3 31. Qxb4 h5 32. Qb8+ Kg7 33. Rb7 g5 34. Qa7 Qe8 35. Rb8 Rc8 36. Rb7 h4 37. Kg2 Kg6 38. g4 Ra8 39. Qb6 Qa4 40. Qc7 Rf8 41. f4 Qd1 42. h3 Qd3 43. Qc5 Qe4+ 44. Kh2 Ra8 45. Qc7 Rf8 46. Qc5 Ra8 47. Qc7 1/2-1/2

[Event "AUT-chT2W 1920"]
[Site "Austria"]
[Date "2020.03.06"]
[Round "9.4"]
[White "Juergens, Klaus"]
[Black "Kranebitter, Gerhard"]
[Result "1-0"]
[WhiteElo "2121"]
[BlackElo "2032"]
[PlyCount "81"]
[EventDate "2019.10.04"]
[EventType "team-tourn"]
[EventRounds "11"]
[EventCountry "AUT"]
[SourceTitle "CBM 195 Extra"]
[Source "ChessBase"]
[SourceDate "2020.05.31"]
[SourceVersion "1"]
[SourceVersionDate "2020.05.31"]
[SourceQuality "1"]
[WhiteTeam "Salzburg ASK"]
[BlackTeam "Rochade Rum"]
[WhiteTeamCountry "AUT"]
[BlackTeamCountry "AUT"]

1. Nf3 d5 2. c4 d4 3. b4 c5 4. bxc5 Nc6 5. g3 e5 6. d3 Bxc5 7. Bg2 Bb4+ 8. Nbd2 Nge7 9. 0-0 0-0 10. Rb1 Ng6 11. Qa4 Qa5 12. Qxa5 Bxa5 13. Ba3 Re8 14. Ne4 Bc7 15. Nfd2 Rd8 16. Nc5 Bb6 17. Na4 Bc7 18. Rb2 Ba5 19. Nb3 Bc3 20. Rbb1 a5 21. Bxc6 bxc6 22. Nxc3 dxc3 23. Rfc1 e4 24. dxe4 Ne5 25. Rxc3 a4 26. Nc5 Rd2 27. Rb2 Rd4 28. Rbc2 Bh3 29. f3 Rd1+ 30. Kf2 Rh1 31. Nd3 Rxh2+ 32. Ke3 Ng6 33. Bd6 f6 34. g4 Rh1 35. Rc1 Rxc1 36. Rxc1 h5 37. Nf2 hxg4 38. fxg4 Bg2 39. Rg1 Rd8 40. c5 Nh4 41. Bg3 1-0

[Event "Bayern-chI Bank Hofmann 23rd"]
[Site "Tegernsee"]
[Date "2019.10.31"]
[Round "6"]
[White "Juergens, Klaus"]
[Black "Soham, Das1"]
[Result "1-0"]
[WhiteElo "2121"]
[BlackElo "2376"]
[PlyCount "65"]
[EventDate "2019.10.26"]
[EventType "swiss"]
[EventRounds "9"]
[EventCountry "GER"]
[SourceTitle "CBM 192 Extra"]
[Source "Chessbase"]
[SourceDate "2019.11.06"]
[SourceVersion "1"]
[SourceVersionDate "2019.11.06"]
[SourceQuality "1"]

1. Nf3 f5 2. c4 Nf6 3. g3 g6 4. Bg2 Bg7 5. 0-0 0-0 6. Nc3 d6 7. d4 c6 8. b3 Qa5 9. Bd2 Qc7 10. Rc1 e5 11. dxe5 dxe5 12. Qc2 Na6 13. Rcd1 Qe7 14. Qc1 e4 15. Nd4 Rd8 16. Bg5 Qf8 17. f3 h6 18. Be3 g5 19. fxe4 Ng4 20. Nxf5 Bxf5 21. exf5 Qe7 22. Ne4 Bb2 23. Rxd8+ Rxd8 24. Qxb2 Nxe3 25. f6 Qf7 26. Rf3 Nd1 27. Qe5 Re8 28. Qf5 Rd8 29. c5 Rd5 30. Qc8+ Qf8 31. f7+ Kg7 32. Qxf8+ Kxf8 33. Nf6 1-0

[Event "Bayern-chI Bank Hofmann 23rd"]
[Site "Tegernsee"]
[Date "2019.10.29"]
[Round "4"]
[White "Juergens, Klaus"]
[Black "Faerber, David"]
[Result "1/2-1/2"]
[WhiteElo "2121"]
[BlackElo "2332"]
[PlyCount "102"]
[EventDate "2019.10.26"]
[EventType "swiss"]
[EventRounds "9"]
[EventCountry "GER"]
[SourceTitle "CBM 192 Extra"]
[Source "Chessbase"]
[SourceDate "2019.11.06"]
[SourceVersion "1"]
[SourceVersionDate "2019.11.06"]
[SourceQuality "1"]

1. Nf3 d5 2. g3 Bg4 3. Bg2 Nd7 4. 0-0 Ngf6 5. b3 e5 6. Bb2 Bd6 7. d4 Qe7 8. dxe5 Nxe5 9. Nxe5 Bxe5 10. Bxe5 Qxe5 11. Nd2 0-0-0 12. Nf3 Bxf3 13. Bxf3 h5 14. Qd2 g5 15. Rad1 h4 16. Qd4 Qxd4 17. Rxd4 c5 18. Rd3 Rd6 19. Rfd1 hxg3 20. hxg3 d4 21. c3 Rhd8 22. cxd4 Rxd4 23. Rc1 b6 24. Rxd4 Rxd4 25. e3 Rd2 26. a4 Rb2 27. Rc3 a5 28. g4 Kc7 29. Kg2 Kd6 30. Kg3 Ke7 31. Bb7 Ne8 32. Bd5 Nd6 33. Kf3 Rd2 34. Bc6 f6 35. Kg3 Rd1 36. Bf3 Rg1+ 37. Kh2 Rb1 38. Bd5 Rd1 39. Bf3 Rd2 40. Kg3 Nf7 41. Be4 Nd8 42. Kf3 Ne6 43. Bf5 Nd8 44. Be4 Nf7 45. Kg3 Ne5 46. Bf5 Rd1 47. Kg2 Kd6 48. f4 Nc6 49. Rd3+ Rxd3 50. Bxd3 Nb4 51. Bc4 Ke7 1/2-1/2

[Event "Bayern-chI Bank Hofmann 22nd"]
[Site "Tegernsee"]
[Date "2018.10.28"]
[Round "2"]
[White "Forchert, Martin"]
[Black "Juergens, Klaus"]
[Result "1-0"]
[WhiteElo "2363"]
[BlackElo "2149"]
[PlyCount "67"]
[EventDate "2018.10.27"]
[EventType "swiss"]
[EventRounds "9"]
[EventCountry "GER"]
[SourceTitle "CBM 187 Extra"]
[Source "ChessBase"]
[SourceDate "2018.11.04"]
[SourceVersion "1"]
[SourceVersionDate "2018.11.04"]
[SourceQuality "1"]

1. e4 c5 2. Nf3 Nc6 3. Bb5 e6 4. Bxc6 bxc6 5. b3 Ne7 6. Bb2 d6 7. e5 Ng6 8. 0-0 f6 9. exd6 Bxd6 10. Nc3 0-0 11. d3 e5 12. Nd2 Nf4 13. Re1 Bf5 14. Nde4 Ne6 15. Nxd6 Qxd6 16. Ne4 Bxe4 17. Rxe4 Nd4 18. Qd2 f5 19. Ree1 Rae8 20. Qc3 Qd5 21. Rac1 Rf6 22. Qc4 Rg6 23. Kf1 Ree6 24. Qxd5 cxd5 25. c4 Ra6 26. Rxe5 dxc4 27. Rxc5 Ne6 28. Rxf5 Rxa2 29. Rxc4 h6 30. Rc2 Rg5 31. Rxg5 hxg5 32. g3 Kh7 33. Re2 Nc5 34. Bd4 1-0

[Event "AUT-chT2W 1819"]
[Site "Austria"]
[Date "2018.10.13"]
[Round "2.3"]
[White "Stadler, Alexander"]
[Black "Juergens, Klaus"]
[Result "1/2-1/2"]
[WhiteElo "2114"]
[BlackElo "2149"]
[PlyCount "72"]
[EventDate "2018.10.12"]
[EventType "team-tourn"]
[EventRounds "11"]
[EventCountry "AUT"]
[SourceTitle "CBM 186 Extra"]
[Source "ChessBase"]
[SourceDate "2018.08.24"]
[SourceVersion "1"]
[SourceVersionDate "2018.08.24"]
[SourceQuality "1"]
[WhiteTeam "Ranshofen"]
[BlackTeam "Salzburg ASK"]
[WhiteTeamCountry "AUT"]
[BlackTeamCountry "AUT"]

1. d4 Nf6 2. Nf3 g6 3. Bg5 Bg7 4. Nbd2 0-0 5. c3 d6 6. e4 Nbd7 7. Be2 h6 8. Bh4 e5 9. dxe5 dxe5 10. Qc2 Qe7 11. Nc4 b5 12. Ne3 c6 13. Nd2 Nc5 14. 0-0 Ne6 15. Rfe1 a5 16. a4 b4 17. f3 bxc3 18. bxc3 Nc5 19. Ndc4 Be6 20. Rab1 Qc7 21. Bf2 Nfd7 22. Red1 Rfb8 23. h4 h5 24. g3 Bf8 25. Kh2 f6 26. Bf1 Rxb1 27. Rxb1 Rb8 28. Rxb8 Qxb8 29. Bh3 Bxh3 30. Kxh3 Qb3 31. Nxa5 Qxc2 32. Nxc2 Nxa4 33. c4 Nb2 34. Ne3 Bc5 35. Nxc6 Bxe3 36. Bxe3 Nxc4 1/2-1/2

[Event "AUT-chT2W 1718"]
[Site "Austria"]
[Date "2018.03.10"]
[Round "10.5"]
[White "Juergens, Klaus"]
[Black "Hess, Max"]
[Result "0-1"]
[WhiteElo "2102"]
[BlackElo "2251"]
[PlyCount "88"]
[EventDate "2017.10.13"]
[EventType "team-tourn"]
[EventRounds "11"]
[EventCountry "AUT"]
[SourceTitle "EXT 2019"]
[Source "ChessBase"]
[SourceDate "2018.10.10"]
[SourceVersion "1"]
[SourceVersionDate "2018.10.10"]
[SourceQuality "1"]
[WhiteTeam "Salzburg ASK"]
[BlackTeam "Bregenz"]
[WhiteTeamCountry "AUT"]
[BlackTeamCountry "AUT"]

1. Nf3 Nf6 2. c4 g6 3. Nc3 Bg7 4. e4 d6 5. d4 0-0 6. h3 e5 7. dxe5 dxe5 8. Be3 Nbd7 9. c5 Qe7 10. Qc2 c6 11. Rd1 Nxc5 12. Nd5 cxd5 13. Qxc5 Qxc5 14. Bxc5 Rd8 15. Be7 Rd7 16. Bxf6 Bxf6 17. Bb5 Rd8 18. Rxd5 Rxd5 19. exd5 Bf5 20. 0-0 Rd8 21. Bc4 b5 22. Bxb5 e4 23. Nh2 Rxd5 24. Bc4 Rd2 25. g4 Bd7 26. Re1 Bd4 27. Re2 Rxe2 28. Bxe2 Bxb2 29. Bc4 Kg7 30. Nf1 f5 31. gxf5 gxf5 32. Bd5 Kf6 33. Kg2 Ke5 34. Bg8 Be6 35. Bxe6 Kxe6 36. f3 Ke5 37. Kf2 Bd4+ 38. Ke2 Kf4 39. fxe4 fxe4 40. Nd2 h5 41. a4 Bb6 42. Nf1 e3 43. a5 Bc5 44. a6 Bb6 0-1

[Event "AUT-chT2W 1718"]
[Site "Austria"]
[Date "2017.12.02"]
[Round "4.3"]
[White "Juergens, Klaus"]
[Black "Szakolczai, Peter"]
[Result "1-0"]
[WhiteElo "2102"]
[BlackElo "2214"]
[PlyCount "129"]
[EventDate "2017.10.13"]
[EventType "team-tourn"]
[EventRounds "11"]
[EventCountry "AUT"]
[SourceTitle "CBM 181 Extra"]
[Source "ChessBase"]
[SourceDate "2017.12.12"]
[SourceVersion "1"]
[SourceVersionDate "2017.12.12"]
[SourceQuality "1"]
[WhiteTeam "Salzburg ASK"]
[BlackTeam "Dornbirn"]
[WhiteTeamCountry "AUT"]
[BlackTeamCountry "AUT"]

1. Nf3 c5 2. c4 g6 3. d4 cxd4 4. Nxd4 Bg7 5. e4 Nc6 6. Be3 Nf6 7. Nc3 0-0 8. Be2 d6 9. 0-0 Nxd4 10. Bxd4 Bd7 11. f3 a5 12. a3 a4 13. c5 e5 14. Be3 dxc5 15. Bxc5 Re8 16. Qe1 Rc8 17. Qf2 Bf8 18. Bb6 Qe7 19. Rfd1 Bc6 20. Nb5 Nh5 21. Nd6 Nf4 22. Kh1 Qg5 23. Nxc8 Rxc8 24. Bf1 h5 25. g3 Ne6 26. Bh3 Qf6 27. Rd2 Re8 28. Bxe6 Qxe6 29. Rad1 Be7 30. Bd8 Kg7 31. Bxe7 Qxe7 32. Kg2 h4 33. g4 Qg5 34. Rd6 Qf4 35. Qxh4 Rh8 36. Qg3 Qg5 37. h3 f6 38. R1d2 Qe3 39. R6d3 Qg5 40. Rc2 Kf7 41. Qf2 Qh6 42. h4 Qxh4 43. Qxh4 Rxh4 44. Rc1 Rh8 45. Rh1 Ra8 46. Rh7+ Ke6 47. Rg7 g5 48. Rh7 Ra5 49. Kf2 Rb5 50. Rd2 Rb3 51. Rh8 Ke7 52. Rhd8 Rxb2 53. Rxb2 Kxd8 54. Ke3 Ke7 55. Kd3 Kd6 56. Kc4 Kc7 57. Kc5 Be8 58. Rh2 b6+ 59. Kb4 Kd6 60. Rh6 Ke6 61. Rh7 Bc6 62. Rh8 Kd6 63. Rf8 Ke7 64. Rb8 Kd6 65. Rxb6 1-0

[Event "Bayern-chI Bank Hofmann 21st"]
[Site "Tegernsee"]
[Date "2017.11.04"]
[Round "8"]
[White "Juergens, Klaus"]
[Black "Stoeber, Michael"]
[Result "1/2-1/2"]
[WhiteElo "2102"]
[BlackElo "2261"]
[PlyCount "79"]
[EventDate "2017.10.28"]
[EventType "swiss"]
[EventRounds "9"]
[EventCountry "GER"]
[SourceTitle "CBM 181 Extra"]
[Source "ChessBase"]
[SourceDate "2017.12.12"]
[SourceVersion "1"]
[SourceVersionDate "2017.12.12"]
[SourceQuality "1"]

1. Nf3 g6 2. c4 Bg7 3. d4 Nf6 4. Nc3 0-0 5. e4 d6 6. h3 Nbd7 7. Be3 e5 8. dxe5 dxe5 9. c5 c6 10. b4 Qe7 11. Be2 b6 12. cxb6 Qxb4 13. Qb3 Qa5 14. Nd2 Nxb6 15. 0-0 Be6 16. Qc2 Rfd8 17. Nb3 Qa3 18. Rac1 Nc4 19. Bc5 Qb2 20. Na4 Qxc2 21. Rxc2 Nd6 22. f3 Nh5 23. Na5 Rac8 24. Ba6 Rc7 25. Rb1 Bf8 26. Be3 Bd7 27. Rbc1 Rb8 28. Nxc6 Rxc6 29. Rxc6 Rb4 30. Rxd6 Bxd6 31. Nc5 Bxc5 32. Rxc5 Be6 33. Bh6 f6 34. Rc6 Kf7 35. Rc7+ Ke8 36. Be3 Nf4 37. Bxf4 exf4 38. Rxa7 Bxa2 39. Bb5+ Rxb5 40. Rxa2 1/2-1/2

[Event "Bayern-chI Bank Hofmann 21st"]
[Site "Tegernsee"]
[Date "2017.10.28"]
[Round "1"]
[White "Dann, Matthias"]
[Black "Juergens, Klaus"]
[Result "1/2-1/2"]
[WhiteElo "2506"]
[BlackElo "2102"]
[PlyCount "85"]
[EventDate "2017.10.28"]
[EventType "swiss"]
[EventRounds "9"]
[EventCountry "GER"]
[SourceTitle "CBM 181 Extra"]
[Source "ChessBase"]
[SourceDate "2017.12.12"]
[SourceVersion "1"]
[SourceVersionDate "2017.12.12"]
[SourceQuality "1"]

1. e4 c5 2. Nf3 Nc6 3. Nc3 g6 4. d4 cxd4 5. Nxd4 Bg7 6. Be3 Nf6 7. Bc4 0-0 8. Bb3 d6 9. f3 Bd7 10. Qd2 Nxd4 11. Bxd4 b5 12. 0-0 Bc6 13. Rfe1 Nd7 14. Bxg7 Kxg7 15. Ne2 Qb6+ 16. Kh1 Nc5 17. Bd5 Rac8 18. Nd4 Bd7 19. b4 e6 20. Bb3 Nxb3 21. axb3 e5 22. Ne2 Be6 23. f4 f6 24. Rf1 Rc7 25. Nc3 Rfc8 26. Rf3 a6 27. f5 Bg8 28. fxg6 hxg6 29. Raf1 Qd4 30. Rd3 Qxb4 31. Rff3 Qa3 32. h4 b4 33. Nd1 Rxc2 34. Qe3 Qc1 35. Qa7+ R8c7 36. Qxa6 Rd2 37. Rxd2 Qxd2 38. Nf2 Bxb3 39. Nd3 Rd7 40. Qb5 Be6 41. Qxb4 Qd1+ 42. Kh2 f5 43. Qa4 1/2-1/2

[Event "AUT-chT2W 1617"]
[Site "Austria"]
[Date "2017.03.04"]
[Round "10.2"]
[White "Juergens, Klaus"]
[Black "Lanka, Zigurds"]
[Result "0-1"]
[WhiteElo "2125"]
[BlackElo "2445"]
[PlyCount "42"]
[EventDate "2016.10.28"]
[EventType "team-tourn"]
[EventRounds "11"]
[EventCountry "AUT"]
[SourceTitle "CBM 177 Extra"]
[Source "ChessBase"]
[SourceDate "2017.04.27"]
[SourceVersion "1"]
[SourceVersionDate "2017.04.27"]
[SourceQuality "1"]
[WhiteTeam "Salzburg ASK"]
[BlackTeam "Zillertal"]
[WhiteTeamCountry "AUT"]
[BlackTeamCountry "AUT"]

1. e4 c5 2. Nc3 Nc6 3. Bb5 Nd4 4. Bc4 g6 5. Nge2 Bg7 6. Nxd4 cxd4 7. Qf3 Nh6 8. d3 Qa5 9. Bxh6 Bxh6 10. Qxf7+ Kd8 11. Qd5 Qxd5 12. Nxd5 e6 13. Nf6 Bg7 14. e5 Bxf6 15. exf6 Rf8 16. 0-0 Rxf6 17. f4 b6 18. a4 Rb8 19. Ra3 Bb7 20. a5 b5 21. Ba2 b4 0-1

[Event "AUT-chT2W 1617"]
[Site "Austria"]
[Date "2017.03.03"]
[Round "9.3"]
[White "Juergens, Klaus"]
[Black "Atlas, Dimitry"]
[Result "1-0"]
[WhiteElo "2125"]
[BlackElo "2205"]
[PlyCount "129"]
[EventDate "2016.10.28"]
[EventType "team-tourn"]
[EventRounds "11"]
[EventCountry "AUT"]
[SourceTitle "CBM 177 Extra"]
[Source "ChessBase"]
[SourceDate "2017.04.27"]
[SourceVersion "1"]
[SourceVersionDate "2017.04.27"]
[SourceQuality "1"]
[WhiteTeam "Salzburg ASK"]
[BlackTeam "Hohenems II"]
[WhiteTeamCountry "AUT"]
[BlackTeamCountry "AUT"]

1. Nf3 d5 2. c4 e6 3. g3 Nf6 4. Bg2 Be7 5. 0-0 0-0 6. b3 c5 7. e3 Nc6 8. Bb2 b6 9. Nc3 Ba6 10. d3 Rc8 11. Qe2 Rc7 12. Nb5 Rd7 13. Rfd1 Qb8 14. d4 Rfd8 15. Ne5 Nxe5 16. dxe5 Ne8 17. a4 Bb7 18. cxd5 Bxd5 19. Bxd5 Rxd5 20. Rxd5 Rxd5 21. a5 bxa5 22. Rxa5 Qd8 23. Bc3 Rd1+ 24. Kg2 Qa8+ 25. e4 Rd7 26. f3 a6 27. Na3 Nc7 28. Be1 Qb7 29. Qc4 Rd4 30. Qc3 h5 31. Nc4 Qc6 32. Bf2 Rd7 33. Nd6 Bxd6 34. exd6 Qxd6 35. Rxc5 Nb5 36. Rxh5 e5 37. Qc8+ Rd8 38. Qh3 f6 39. Rh8+ Kf7 40. Qh5+ Ke6 41. Re8+ Rxe8 42. Qxe8+ Qe7 43. Qc8+ Kf7 44. Qxa6 Qd7 45. Qa8 Ke6 46. Qg8+ Qf7 47. Qc8+ Qd7 48. Qc4+ Ke7 49. Bc5+ Kd8 50. Bb6+ Ke7 51. Bc5+ Kd8 52. Qd5 Kc8 53. Qxd7+ Kxd7 54. Bf8 g6 55. h4 Nd4 56. b4 Ke6 57. Bc5 Nb5 58. g4 Nc3 59. Kf2 Nb5 60. Ke2 Nc7 61. Kd3 Kd7 62. h5 gxh5 63. gxh5 Ne6 64. h6 Ng5 65. Be3 1-0

[Event "AUT-chT2W 1516"]
[Site "Austria"]
[Date "2016.03.06"]
[Round "11.2"]
[White "Juergens, Klaus"]
[Black "Georgiev, Georgi"]
[Result "1-0"]
[WhiteElo "2161"]
[BlackElo "2107"]
[PlyCount "49"]
[EventDate "2015.10.16"]
[EventType "team-tourn"]
[EventRounds "11"]
[EventCountry "AUT"]
[SourceTitle "EXT 2017"]
[Source "ChessBase"]
[SourceDate "2016.10.25"]
[SourceVersion "1"]
[SourceVersionDate "2016.10.25"]
[SourceQuality "1"]
[WhiteTeam "Salzburg"]
[BlackTeam "Voels/Innsbruck"]
[WhiteTeamCountry "AUT"]
[BlackTeamCountry "AUT"]

1. Nf3 Nf6 2. c4 e6 3. g3 b6 4. Bg2 Bb7 5. 0-0 c5 6. Nc3 Be7 7. Re1 d6 8. e4 e5 9. d4 cxd4 10. Nxd4 exd4 11. e5 Bxg2 12. exf6 gxf6 13. Qxd4 Bc6 14. Qxf6 Kd7 15. Qf5+ Kc7 16. Qxf7 Nd7 17. Rxe7 Rf8 18. Qe6 Rf5 19. Bf4 Rxf4 20. gxf4 Qg8+ 21. Qxg8 Rxg8+ 22. Kf1 Kd8 23. Rxh7 Rf8 24. Nd5 Rf5 25. Ne7 1-0

[Event "AUT-chT2W 1516"]
[Site "Austria"]
[Date "2016.01.24"]
[Round "8.4"]
[White "Juergens, Klaus"]
[Black "Ruescher, Christian"]
[Result "1-0"]
[WhiteElo "2161"]
[BlackElo "2093"]
[PlyCount "77"]
[EventDate "2015.10.16"]
[EventType "team-tourn"]
[EventRounds "11"]
[EventCountry "AUT"]
[SourceTitle "CBM 170 Extra"]
[Source "ChessBase"]
[SourceDate "2016.02.25"]
[SourceVersion "1"]
[SourceVersionDate "2016.02.25"]
[SourceQuality "1"]
[WhiteTeam "Salzburg"]
[BlackTeam "Dornbirn"]
[WhiteTeamCountry "AUT"]
[BlackTeamCountry "AUT"]

1. Nf3 Nf6 2. c4 c6 3. g3 d5 4. Bg2 e6 5. b3 Nbd7 6. Bb2 Bd6 7. d4 0-0 8. 0-0 Qe7 9. Nc3 b6 10. Re1 Bb7 11. e4 dxe4 12. Ng5 Rad8 13. Ngxe4 Bb8 14. Qc2 Rc8 15. Rad1 b5 16. c5 b4 17. Nxf6+ Nxf6 18. Ne4 Nd5 19. Bc1 h6 20. Rd3 Ba6 21. Rf3 Rce8 22. Nd2 Qd7 23. Nc4 Bxc4 24. bxc4 Ne7 25. Rd3 Rd8 26. Qa4 e5 27. d5 Qg4 28. d6 Ng6 29. Re4 Qh5 30. g4 Qh4 31. g5 Nf4 32. Bxf4 exf4 33. gxh6 Qxh6 34. Qxc6 Qf6 35. Qd5 Qa1+ 36. Bf1 Qxa2 37. Rh3 Rd7 38. Qf5 g6 39. Qf6 1-0

[Event "AUT-chT2W 1516"]
[Site "Austria"]
[Date "2016.01.22"]
[Round "6.4"]
[White "Dobosz, Henryk"]
[Black "Juergens, Klaus"]
[Result "1-0"]
[WhiteElo "2389"]
[BlackElo "2161"]
[PlyCount "67"]
[EventDate "2015.10.16"]
[EventType "team-tourn"]
[EventRounds "11"]
[EventCountry "AUT"]
[SourceTitle "CBM 170 Extra"]
[Source "ChessBase"]
[SourceDate "2016.02.25"]
[SourceVersion "1"]
[SourceVersionDate "2016.02.25"]
[SourceQuality "1"]
[WhiteTeam "Bregenz"]
[BlackTeam "Salzburg"]
[WhiteTeamCountry "AUT"]
[BlackTeamCountry "AUT"]

1. d4 g6 2. e4 Bg7 3. c3 d6 4. f4 Nd7 5. Nf3 Ngf6 6. e5 Nd5 7. Bc4 N7b6 8. Bb3 c6 9. 0-0 Bg4 10. h3 Bxf3 11. Qxf3 Qd7 12. Nd2 0-0-0 13. Ne4 f6 14. exd6 exd6 15. f5 Rhe8 16. Bd2 Qxf5 17. Qxf5+ gxf5 18. Ng3 f4 19. Bxf4 Nxf4 20. Rxf4 Nd7 21. Nf5 Bf8 22. Kf2 d5 23. Bd1 Kc7 24. Bh5 Re6 25. Bf7 Bd6 26. Rh4 Re4 27. Rxe4 dxe4 28. Re1 Rf8 29. Be6 c5 30. Rxe4 cxd4 31. Bxd7 dxc3 32. Nxd6 Kxd7 33. Nb5 c2 34. Re1 1-0

[Event "AUT-chT2W 1516"]
[Site "Austria"]
[Date "2015.10.18"]
[Round "3.5"]
[White "Pflug, Matthias"]
[Black "Juergens, Klaus"]
[Result "1-0"]
[WhiteElo "2259"]
[BlackElo "2161"]
[PlyCount "85"]
[EventDate "2015.10.16"]
[EventType "team-tourn"]
[EventRounds "11"]
[EventCountry "AUT"]
[SourceTitle "CBM 168 Extra"]
[Source "ChessBase"]
[SourceDate "2015.10.29"]
[SourceVersion "1"]
[SourceVersionDate "2015.10.29"]
[SourceQuality "1"]
[WhiteTeam "Bernhard II"]
[BlackTeam "Salzburg"]
[WhiteTeamCountry "AUT"]
[BlackTeamCountry "AUT"]

1. e4 c5 2. Nf3 Nc6 3. d4 cxd4 4. Nxd4 g6 5. Nc3 Bg7 6. Be3 Nf6 7. Bc4 0-0 8. Bb3 d6 9. f3 Bd7 10. Qd2 Nxd4 11. Bxd4 b5 12. h4 a5 13. h5 a4 14. Bd5 e5 15. h6 Bh8 16. Bxa8 exd4 17. Nd5 Re8 18. Nxf6+ Bxf6 19. Bd5 Bh4+ 20. Ke2 Bf6 21. Kf2 Be6 22. Bc6 Bd7 23. Bxd7 Qxd7 24. Rae1 Qa7 25. Kg3 Qc5 26. a3 g5 27. Kh3 Re6 28. g3 Be5 29. Qxg5+ Kf8 30. f4 Qc8 31. Re2 Rxh6+ 32. Kg2 Rxh1 33. Kxh1 Qh3+ 34. Kg1 f6 35. Qh4 Qxh4 36. gxh4 Bxf4 37. Re1 Ke7 38. Kf2 Ke6 39. Ke2 Bg3 40. Rh1 Ke5 41. Kf3 Bf4 42. Rg1 h6 43. Rg8 1-0

[Event "Dresden ZMD op 23rd"]
[Site "Dresden"]
[Date "2014.08.23"]
[Round "9"]
[White "Gaitzsch, Martin"]
[Black "Juergens, Klaus"]
[Result "0-1"]
[WhiteElo "2058"]
[BlackElo "2131"]
[PlyCount "80"]
[EventDate "2014.08.15"]
[EventType "swiss"]
[EventRounds "9"]
[EventCountry "GER"]
[SourceTitle "CBM 161 Extra"]
[Source "ChessBase"]
[SourceDate "2014.08.29"]
[SourceVersion "1"]
[SourceVersionDate "2014.08.29"]
[SourceQuality "1"]

1. c4 g6 2. g3 Bg7 3. Bg2 Nf6 4. Nc3 0-0 5. e4 c5 6. Nge2 Nc6 7. 0-0 d6 8. d3 a6 9. h3 Rb8 10. a4 Ne8 11. Be3 Nc7 12. d4 cxd4 13. Nxd4 Nxd4 14. Bxd4 Bxd4 15. Qxd4 Ne6 16. Qe3 a5 17. f4 Nc5 18. e5 Be6 19. Nd5 Bxd5 20. cxd5 Qb6 21. Rf2 Rbc8 22. Kh2 Qb4 23. exd6 exd6 24. f5 Nd7 25. f6 Kh8 26. Qh6 Rg8 27. Rf4 Qd2 28. Rd1 Qe3 29. Rd3 Qe5 30. Rdf3 Rc2 31. Rf2 Rxf2 32. Rxf2 Nxf6 33. Qd2 Nh5 34. Qd3 f5 35. Re2 Qf6 36. Re6 Qxb2 37. Rxd6 f4 38. g4 f3 39. Qxf3 Qe5+ 40. Kh1 Ng3+ 0-1